[Event "Mlada Boleslav Region-ch U20"]
[Site "Mlada Boleslav"]
[Date "2014.06.22"]
[Round "5"]
[White "Paukert, Vojtech"]
[Black "Cikovsky, Matej"]
[Result "1-0"]
[WhiteElo "1211"]
[BlackElo "1202"]
[PlyCount "73"]
[EventDate "2014.06.21"]
[EventType "swiss"]
[EventRounds "7"]
[EventCountry "CZE"]
[SourceTitle "EXT 2016"]
[Source "ChessBase"]
[SourceDate "2015.10.08"]
[SourceVersion "1"]
[SourceVersionDate "2015.10.08"]
[SourceQuality "1"]

1. d4 d5 2. e3 Nf6 3. Bd3 Nc6 4. Nf3 Bg4 5. h3 Bh5 6. Nbd2 e6 7. b3 e5 8. g4 Bg6 9. Bxg6 hxg6 10. Nxe5 Nxe5 11. dxe5 Ne4 12. Bb2 f6 13. f4 Ng3 14. Rh2 Ne4 15. Nxe4 dxe4 16. Bd4 Bb4+ 17. c3 Be7 18. Qc2 Qd5 19. c4 Qc6 20. 0-0-0 Qa6 21. Kb1 0-0-0 22. Qxe4 Kb8 23. Qxg6 Qc6 24. Qxg7 Bb4 25. exf6 Qf3 26. Rhh1 Qe2 27. Qg6 Bc3 28. Qc2 Qxc2+ 29. Kxc2 Bxd4 30. Rxd4 Rxd4 31. exd4 a5 32. h4 c6 33. h5 Kc7 34. h6 Kd7 35. f7 Ke7 36. g5 Re8 37. f8Q+ 1-0

[Event "Mlada Boleslav Region-ch U20"]
[Site "Mlada Boleslav"]
[Date "2012.06.23"]
[Round "1"]
[White "Paukert, Vojtech"]
[Black "Tajovska, Martina"]
[Result "0-1"]
[WhiteElo "1250"]
[BlackElo "1424"]
[PlyCount "45"]
[EventDate "2012.06.23"]
[EventType "swiss"]
[EventRounds "7"]
[EventCountry "CZE"]
[SourceTitle "EXT 2014"]
[Source "ChessBase"]
[SourceDate "2013.11.20"]
[SourceVersion "1"]
[SourceVersionDate "2013.11.20"]
[SourceQuality "1"]

1. d4 d5 2. e3 Nf6 3. Bd3 Nc6 4. c3 e5 5. Nd2 Bd6 6. f3 0-0 7. Ne2 Re8 8. e4 Be6 9. 0-0 Ne7 10. b3 c5 11. Bb2 Ng6 12. Qc2 Nh5 13. c4 dxc4 14. Bxc4 exd4 15. Bxe6 Rxe6 16. Ba3 Rc8 17. Nc4 Bb8 18. g3 b5 19. Nd2 d3 20. Qc3 dxe2 21. Rfe1 b4 22. Bxb4 cxb4 23. Qxb4 0-1